| 000 | 00802 a2200205 4500 | ||
|---|---|---|---|
| 020 | _a0070490546 | ||
| 040 |
_aLibrary of Congress _bEnglish |
||
| 082 | 0 | 0 | _a005.4469 |
| 100 | 1 | _aO'Leary, Timothy J., | |
| 245 | 1 | 0 |
_aWindows 95 _cTimothy J. O'Leary, Linda I. O'Leary. |
| 260 |
_a[U.S.] : _bMcGraw-Hill, _cc1996. |
||
| 300 |
_ax, 166 p. : _bcol. ill. ; _c26 cm. |
||
| 500 | _aIncludes index. | ||
| 650 | 0 | _aOperating systems (Computers) | |
| 700 | 1 | _aO'Leary, Linda I. | |
| 856 | 4 | 2 |
_3Publisher description _uhttp://www.loc.gov/catdir/description/mh022/95077491.html |
| 856 | 4 | 2 |
_3Table of contents only _uhttp://www.loc.gov/catdir/toc/mh022/95077491.html |
| 856 | 4 | 2 |
_3Contributor biographical information _uhttp://www.loc.gov/catdir/enhancements/fy0602/95077491-b.html |
| 942 |
_cBK _k005.369 OLE _2ddc |
||
| 999 |
_c6141 _d6141 |
||